| 000 | 00700 a2200217 4500 | ||
|---|---|---|---|
| 260 | _aParis | ||
| 100 | _aPFEIFFER, Ehrenfried | ||
| 260 | _bTriades | ||
| 245 | _aFécondité de la terre; méthode pour conserver ou rétablir la fertilité du sol, le principe bio-dynamique dans la nature | ||
| 300 | _a348 p. | ||
| 650 | _a<Sols><Engrais et amendements> | ||
| 260 | _c1966 | ||
| 300 | _bill., prt. ; 23 cm | ||
| 130 | _lFr. | ||
| 035 | _a2692 | ||
| 250 | _a4e éd. | ||
| 500 | _aLa couv. porte en outre : La rétablir, la maintenir. - Titre original : Die Fruchbarkeit der Erde. - Notes bibliographiques au bas des pages | ||
| 999 |
_c11536 _d11536 |
||